Meilleurs buteurs avec les Sélections Nationales - Statistiques

Statistiques générales
  • Ce quiz a été pris 129 fois
  • Le résultat moyen est 9 sur 20
Statistiques - réponses
Nat. Buts Nom % Correct
Portugal 68 Cristiano Ronaldo
96%
Brésil 62 Ronaldo
94%
Allemagne (Ouest) 68 Gerd Müller
86%
Brésil 77 Pelé
86%
Hongrie 84 Ferenc Puskas
80%
Côte d'Ivoire 66 Didier Drogba
79%
Suède 62 Zlatan Ibrahimovic
79%
Allemagne 71 Miroslav Klose
69%
Espagne 59 David Villa
68%
Irlande 68 Robbie Keane
56%
Iran 109 Ali Daei
34%
Hongrie 75 Sandor Kocsis
26%
Egypte 68 Hossam Hassan
14%
Trinité-et-Tobago 70 Stern John
4%
Koweït 75 Bashar Abdullah
3%
Iraq 61 Hussein Saeed
3%
Arabie Saoudite 71 Majed Abdullah
3%
Hongrie 59 Imre Schlosser
2%
Koweït 63 Jassem Al-Houwaidi
2%
Thaïlande 70 Kiatisuk Senamuang
2%
Aucun quiz correspondant
Distribution des résultats
% des personnes avec chaque résultat
Percentile par nombre de réponses
Votre historique - résultats
Vous n’avez pas pris ce quiz